000 00633nam a2200217Ia 4500
005 20250508160908.0
008 008 250505s9999 xx 000 0 eng d
020 _a0-09-119490-3
037 _aTextual
040 _aFEDL
_beng
_cFEDL
041 _aeng
_2eng
084 _a001.53, PAS
_qFEDL
100 _aPask Gordon
_985221
245 0 _aCybernetics of human learning and performance: A guide to theory and research
260 _aLondon, UK
_bHutchinson and Co. Ltd.
_c1975
300 _a346p.
365 _aGBP
_b7.75
650 _aCommunication
942 _cTEXL
_h001.53, PAS
999 _c1367248
_d1367248